Statistics for Japan Multiple Choice

Click here to take the quiz!

General Stats

  • This quiz has been taken 34,920 times
  • The average score is 10 of 15

Answer Stats

QuestionAnswer% Correct
True or False. Japan has a higher population density than the United States.True
95%
Which company manufactures both musical instruments and motorcycles?Yamaha
88%
Who was emperor of Japan during WWII?Hirohito
84%
About what percentage of Japanese citizens are ethnic Japanese?more than 98%
76%
What are sakura?Cherry blossoms
73%
Who tried to invade Japan in 1274 and 1281, but were turned back by typhoons?The Mongols
73%
What is the approximate population of Japan?123 million
70%
In Japanese, the country of Japan is represented by the characters: "日本". What is the literal meaning of these characters?Sun origin
66%
Which of these is not a Miyazaki film?Cowboy Bebop
64%
What sport attracts the most total spectators in Japan?Baseball
62%
Which city is furthest north?Sapporo
61%
What country did Japan fight a war against in 1904–05?Russia
59%
What is a torii?A traditional Japanese gate
53%
Which of these was NOT invented or discovered in Japan?Lasers
43%
What is the name of Japan's legislature?The Diet
29%

Score Distribution

Percentile by Number Answered

Percent of People with Each Score

Your Score History

You have not taken this quiz